000 00638nam a22002297a 4500
003 UA-OsUOA
001 97579
007 ta
008 20130403b un ||||| |||| 00| 0 ukr d
100 _aМухаммадієв Ф.
090 _a821.222.8
_bМ92
942 _cBK
040 _aUA-OsUOA
_bukr
_cUA-OsUOA
_dUA-OsUOA
245 _aНа тім світі. Наріжна палата
_bповість; роман
300 _a352 с.
955 _a3
041 _aukr
080 _a821.222.8
260 _aК.
_bДніпро
_c1982
650 7 _a82 Література. Літературознавство
_2UDC
999 _c383824
_d383824